| 000 | 00654nam a2200205 a 4500 | ||
|---|---|---|---|
| 001 | 569 | ||
| 003 | CDMR | ||
| 005 | 20131021130837.0 | ||
| 008 | 130130s1997||||||||||||||||||||||||||||d | ||
| 020 | _a8489690030 | ||
| 040 |
_aCDMR _bcat _cCPC LLEIDA |
||
| 100 | 1 |
_aFernández Areal, Manuel _9421 |
|
| 245 | 1 | 0 |
_aConsejo de guerra _b: los riesgos del periodismo bajo Franco _cManuel Fernández Areal |
| 260 |
_aPontevedra _c1997 _bDiputación de Pontevedra |
||
| 300 | _a314 p. | ||
| 650 | 0 | 4 |
_93312 _aFranquisme _xInfluència |
| 650 | 0 | 4 |
_94150 _aLlibertat d'impremta _yS. XX _zEspanya |
| 650 | 0 | 4 |
_92767 _aPeriodistes _xSituació legal, lleis, etc |
| 942 |
_cMON _2udc |
||
| 999 |
_c569 _d569 |
||